000 005320000a22001810004500
003 MACL
005 20160525122335.0
008 160525b xxu||||| |||| 00| 0 eng d
040 _aMACL
_cMACL
041 _aHindi
082 _a891.433
100 _aएहतेशाम, मंजूर
_958954
245 _aमदरसा
_cमंजूर एहतेशाम
260 _bराजकमल प्रकाशन
_c2011
_aपटना
350 _a350
650 _aNovel
_959350
942 _cHIN
_k891.433/EHT/N
_2ddc
999 _c45762
_d45762